000 00500nam a2200181Ia 4500
008 090124s9999 xx 000 0 und d
082 _b110227
100 _aजोशी मधुकर द.
245 _a अवधूत गंगा
250 _a1
260 _c1963
300 _a65
600 _aजोशी मधुकर द.
630 _a अवधूत गंगा
700 _aजोशी मधुकर द.
730 _a अवधूत गंगा
942 _cBOOK
999 _c156318
_d156318